01757nam a22002417a 4500008004100000020001800041040000800059041000800067050002800075100002600103245004100129260003800170300003100208520104900239650002501288650002001313650003501333650002101368651003001389651005301419655002001472655002301492251015b |||||||| |||| 00| 0 eng d a9780778311973 ctbs aeng aPS3616.E5563 bL67 2021 aPenner, Saraheauthor aThe lost apothecaryc/ Sarah Penner. aOntario :bPark Row Books,c2022. a316 pages :bmap ;c21 cm. aHidden in the depths of eighteenth-century London, a secret apothecary shop caters to an unusual kind of clientele. Women across the city whisper of a mysterious figure named Nella who sells well-disguised poisons to use against the oppressive men in their lives. But the apothecary’s fate is jeopardized when her newest patron, a precocious twelve-year-old, makes a fatal mistake, sparking a string of consequences that echo through the centuries. Meanwhile in present-day London, aspiring historian Caroline Parcewell spends her tenth wedding anniversary alone, running from her own demons. When she stumbles upon a clue to the unsolved apothecary murders that haunted London two hundred years ago, her life collides with the apothecary’s in a stunning twist of fate—and not everyone will survive. With crackling suspense, unforgettable characters and searing insight, The Lost Apothecary is a subversive and intoxicating debut novel of secrets, vengeance and the remarkable ways women can save each other despite the barrier of time. 0aPharmacistsvFiction 0aMurdervFiction 0aMurderxInvestigationvFiction 0aSecrecyvFiction 0aLondon (England)vFiction 0aLondon (England)xHistoryy18th centuryvFiction 0aMystery fiction 0aHistorical fiction